Úprava výšky minimálnej mzdy a minimálnych mzdových taríf
Dňa 1. apríla 1996 nadobudol účinnosť zákon č. 90/1996 Z.z. o minimálnej mzde. Snahou jeho tvorcov bolo zabezpečiť zvýšenú právnu ochranu zamestnancov najmä v organizáciách, kde odmeňovanie nie je dohodnuté v kolektívnej zmluve. Právna úprava minimálnej mzdy od 1.10. 2001. Úprava minimálnych mzdovýc...
Guardado en:
| Autor principal: | |
|---|---|
| Formato: | Capítulo de libro |
| Lenguaje: | eslovaco |
| Materias: | |
| Etiquetas: |
Sin Etiquetas, Sea el primero en etiquetar este registro!
|
MARC
| LEADER | 00000naa a2200000 4500 | ||
|---|---|---|---|
| 001 | r043575 | ||
| 005 | 20230919120317.0 | ||
| 041 | 0 | |a slo | |
| 044 | |a SK | ||
| 245 | 1 | 0 | |a Úprava výšky minimálnej mzdy a minimálnych mzdových taríf |c Viera Martinková |
| 520 | |a Dňa 1. apríla 1996 nadobudol účinnosť zákon č. 90/1996 Z.z. o minimálnej mzde. Snahou jeho tvorcov bolo zabezpečiť zvýšenú právnu ochranu zamestnancov najmä v organizáciách, kde odmeňovanie nie je dohodnuté v kolektívnej zmluve. Právna úprava minimálnej mzdy od 1.10. 2001. Úprava minimálnych mzdových taríf od 1.10.2001. | ||
| 610 | 2 | 0 | |a odmeňovanie |
| 610 | 2 | 0 | |a mzdy |
| 610 | 2 | 0 | |a tarify mzdové |
| 610 | 2 | 0 | |a úpravy právne |
| 610 | 2 | 0 | |a zákony |
| 610 | 2 | 0 | |a Slovensko |
| 100 | 1 | |a Martinková, Viera | |